Noisiness of the video amplifier made by the cascode circuit with dynamic load; Bulletin of the Tomsk Polytechnic University; Vol. 311, № 4 : Power engineering

书目详细资料
Parent link:Bulletin of the Tomsk Polytechnic University/ Tomsk Polytechnic University (TPU).— , 2006-2007
Vol. 311, № 4 : Power engineering.— 2007.— [P. 83-86]
主要作者: Maslennikov V. N.
总结:Заглавие с титульного листа
Электронная версия печатной публикации
Relative influence of active elements on noises of video amplifier cascode circuit at resistive loading and at use of an active element as the cascade dynamic load has been considered. The conclusion is drawn that in both cases the second transistor of the cascode circuit contributes insignificantly into amplifier noises in comparison with the first one. The contribution of active element noises of dynamic load exceeds considerably the contribution of traditional resistive loading of the cascade and doubles practically in capacity the noises conditioned by the first active element.
语言:英语
出版: 2007
丛编:Power engineering
主题:
在线阅读:http://www.lib.tpu.ru/fulltext/v/Bulletin_TPU/2007/v311eng/i4/19.pdf
格式: MixedMaterials 电子 本书章节
KOHA link:https://koha.lib.tpu.ru/cgi-bin/koha/opac-detail.pl?biblionumber=194337

MARC

LEADER 00000nla2a2200000 4500
001 194337
005 20231031182325.0
035 |a (RuTPU)RU\TPU\book\211959 
035 |a RU\TPU\book\211956 
090 |a 194337 
100 |a 20110412d2007 k y0rusy50 ca 
101 1 |a eng  |c rus 
102 |a RU 
135 |a drnn ---uucaa 
200 1 |a Noisiness of the video amplifier made by the cascode circuit with dynamic load  |b Electronic resource  |f V. N. Maslennikov 
203 |a Text  |c electronic 
215 |a 1 файл (381 Кб) 
225 1 |a Power engineering 
230 |a Электронные текстовые данные (1 файл : 381 Кб) 
300 |a Заглавие с титульного листа 
300 |a Электронная версия печатной публикации 
320 |a [Bibliography: p. 86 (3 titles)] 
330 |a Relative influence of active elements on noises of video amplifier cascode circuit at resistive loading and at use of an active element as the cascade dynamic load has been considered. The conclusion is drawn that in both cases the second transistor of the cascode circuit contributes insignificantly into amplifier noises in comparison with the first one. The contribution of active element noises of dynamic load exceeds considerably the contribution of traditional resistive loading of the cascade and doubles practically in capacity the noises conditioned by the first active element. 
337 |a Adobe Reader 
461 1 |0 (RuTPU)RU\TPU\book\169973  |t Bulletin of the Tomsk Polytechnic University  |f Tomsk Polytechnic University (TPU)  |d 2006-2007 
463 1 |0 (RuTPU)RU\TPU\book\200683  |t Vol. 311, № 4 : Power engineering  |v [P. 83-86]  |d 2007  |p 146 p. 
610 1 |a noise properties 
610 1 |a video amplifier 
610 1 |a cascode circuit 
610 1 |a dynamic loads 
610 1 |a active elements 
610 1 |a noises 
610 1 |a resistive loading 
610 1 |a cascade 
610 1 |a transistors 
610 1 |a электронный ресурс 
675 |a 621.391.822:621.375.1  |v 3 
700 1 |a Maslennikov  |b V. N. 
801 1 |a RU  |b 63413507  |c 20090623  |g PSBO 
801 2 |a RU  |b 63413507  |c 20110414  |g PSBO 
856 4 |u http://www.lib.tpu.ru/fulltext/v/Bulletin_TPU/2007/v311eng/i4/19.pdf 
942 |c CF